LEADER 00970cam0-22003371i-450- 001 990006064850403321 005 20070904134655.0 035 $a000606485 035 $aFED01000606485 035 $a(Aleph)000606485FED01 035 $a000606485 100 $a20000112d1983----km-y0itay50------ba 101 0 $aita 102 $aIT 105 $af-------001yy 200 1 $aStudi cassiodorei$fLorenzo Viscido 210 $aSoveria Mannelli(CZ)$cRubbettino$d1983 215 $a65 p.$d20 cm 225 1 $aContinente Calabria$v3 676 $a928$v20$zit 700 1$aViscido,$bLorenzo$0231023 801 0$aIT$bUNINA$gRICA$2UNIMARC 901 $aBK 912 $a990006064850403321 952 $aBUSTA 1 (16) 16$b7678*$fFGBC 952 $aDDR-Fonti II-Cassiodorus St.22$b465 ddr$fDDR$m21-5678 952 $aDDR-Fonti II-Cassiodorus St.22 (al es. 1)$b1005 ddr$fDDR$m21-5679 959 $aDDR 959 $aFGBC 996 $aStudi cassiodorei$9149236 997 $aUNINA LEADER 01447nam2 2200301 i 450 001 SUN0065492 005 20151120101600.498 010 $a88-371-1049-9 100 $a20080916d1998 |0itac50 ba 101 $aita 102 $aIT 105 $a|||| ||||| 200 1 $aˆ1: ‰Funzioni di una variabile$fMariano Giaquinta, Giuseppe Modica 210 $aBologna$cPitagora$dc1998 215 $aXII, 329 p.$d24 cm. 461 1$1001SUN0065491$12001 $a*Analisi matematica$fMariano Giaquinta, Giuseppe Modica$v1$1210 $aBologna$cPitagora$d1998-2005$1215 $av.$d24 cm. 606 $a26-XX$xReal functions [MSC 2020]$2MF$3SUNC019778 620 $dBologna$3SUNL000003 700 1$aGiaquinta$b, Mariano$3SUNV039752$042383 701 1$aModica$b, Giuseppe$3SUNV039753$056742 712 $aPitagora$3SUNV000259$4650 801 $aIT$bSOL$c20200727$gRICA 912 $aSUN0065492 950 $aUFFICIO DI BIBLIOTECA DEL DIPARTIMENTO DI MATEMATICA E FISICA$d08PREST 26-XX 1590 $e08 8310 I 20081210 950 $aUFFICIO DI BIBLIOTECA DEL DIPARTIMENTO DI INGEGNERIA$d05CONS D AUL I 005 AULARIO $e05 5076 20080916 950 $aUFFICIO DI BIBLIOTECA DEL DIPARTIMENTO DI INGEGNERIA$d05CONS D AUL I 006 AULARIO $e05 5077 20080916 996 $aFunzioni di una variabile$91437438 997 $aUNICAMPANIA